Statistics for The Walking Dead Tricky Trivia

Click here to take the quiz!

General Stats

  • This quiz has been taken 420 times
  • The average score is 9 of 14

Answer Stats

HintAnswer% Correct
Name of Rick actor?Andrew Lincoln
93%
Name of Daryl actor?Norman Reedus
93%
How many episodes were in season 1?6
82%
How many episodes were in seasons 3,4 &5?16
80%
How many episodes were in season 2?13
78%
Name of Morgan's son?Duane
75%
Name of character murdered by Shane in a high school?Otis
68%
Where Carl got the idea for the name Judith from?Teacher
65%
What character's signature walker killing weapon is a hammer?Tyreese
59%
Name of Beth actress?Emily Kinney
55%
Name of Shane actor?Jon Bernthal
53%
Name of Make Up and SFX coordinator?Greg Nicotero
28%
The name the Governor assumed after he left Woodbury?Brian Heriot
23%
Name of Terminus inhabitants?Termites
21%

Score Distribution

Percentile by Number Answered

Percent of People with Each Score

Your Score History

You have not taken this quiz